| 000 | 00475nam a2200181Ia 4500 | ||
|---|---|---|---|
| 005 | 20250423100010.0 | ||
| 008 | 250422s9999 xx 000 0 und d | ||
| 020 | _a9781429234146 | ||
| 050 | _aQP 514.2 .L44/ | ||
| 100 | _aNelson, D. L. | ||
| 245 | 0 | _aLehninger principles of biochemistry | |
| 250 | _a6th ed. | ||
| 260 | _aNew York | ||
| 260 | _bW.H. Freeman | ||
| 260 | _c2013 | ||
| 650 | _aBiochemistry Biochemistry - roblems, exercises, etc | ||
| 942 | _cBK | ||
| 999 |
_c31980 _d31980 |
||